000 00557nam a2200229Ia 4500
003 OSt
005 20220918175452.0
006 a|||||r|||| 00| 0
007 ta
008 220917b |||||||| |||| 00| 0 eng d
024 _a17,421
037 _cTextual
040 _aARTS
_cARTS
_beng
041 _2eng
_aeng
082 _aO:1L95:9, L3
100 _aSperry Stuart
_954006
245 0 _aKeats the poet
260 _c1973
650 _aENGLISH LITERATURE
942 _hO:1L95:9, L3
_cTEXL
_2CC
999 _c157595
_d157595